Name all brawlers quiz - 2025 - Statistics

General Stats
  • This quiz has been taken 567 times
  • The average score is 59 of 93
Answer Stats
Hint Answer % Correct
Starter Shelly
98%
Rare Colt
91%
Rare Nita
89%
Rare Bull
88%
Rare El Primo
85%
Rare Brock
83%
Ultra Legendary Kaze
83%
Legendary Leon
81%
Rare Rosa
81%
Legendary Crow
80%
Legendary Spike
80%
Rare Barley
79%
Rare Poco
79%
Epic Bo
77%
Epic Edgar
77%
Super Rare Jessie
77%
Mythic Mortis
77%
Super Rare Rico
77%
Legendary Surge
76%
Super Rare Dynamike
75%
Epic Frank
75%
Super Rare 8-Bit
74%
Super Rare Darryl
73%
Epic Bibi
72%
Epic Emz
72%
Super Rare Gus
72%
Epic Piper
72%
Super Rare Tick
72%
Legendary Kenji
71%
Legendary Kit
71%
Super Rare Penny
70%
Legendary Meg
69%
Legendary Amber
68%
Legendary Chester
68%
Super Rare Jacky
68%
Epic Pam
68%
Super Rare Carl
67%
Epic Mandy
67%
Legendary Sandy
64%
Mythic Tara
64%
Legendary Draco
63%
Epic Bea
62%
Mythic Buzz
62%
Mythic Byron
61%
Epic Colette
61%
Epic Griff
61%
Epic Stu
61%
Epic Belle
60%
Legendary Cordelius
60%
Mythic Fang
60%
Epic Nani
60%
Epic Angelo
59%
Epic Gale
59%
Mythic Gene
59%
Epic Hank
59%
Mythic Janet
59%
Mythic Max
59%
Mythic Alli
58%
Epic Berry
58%
Epic Sam
58%
Mythic Willow
58%
Epic Bonnie
57%
Epic Larry & Lawrie
56%
Mythic Lou
56%
Mythic Mr. P
56%
Mythic Chuck
55%
Mythic Doug
55%
Epic Grom
55%
Epic Maisie
55%
Mythic Melodie
55%
Mythic Mico
55%
Mythic Sprout
55%
Mythic Lily
54%
Mythic Buster
53%
Mythic Gray
53%
Epic Ash
52%
Mythic Juju
52%
Mythic Ruffs
52%
Epic Shade
52%
Mythic R-T
51%
Mythic Otis
50%
Mythic Squeak
50%
Mythic Charlie
49%
Mythic Clancy
49%
Mythic Eve
49%
Epic Lola
49%
Mythic Ollie
49%
Mythic Lumi
48%
Mythic Moe
48%
Epic Pearl
48%
Epic Meeple
46%
Mythic Finx
43%
Mythic Jae-Yong
42%
No matching quizzes found
Score Distribution
Percent of People with Each Score
Percentile by Number Answered
Your Score History
You have not taken this quiz